Stolice Europy - Statystyki

Ogólne statystyki
  • Ten quiz został rozwiązany 177 razy
    170 od ostatniego zresetowania
  • Średni wynik to 37 z 48
Statystyki odpowiedzi
Państwo Stolica % Poprawnych
Austria Wiedeń
93%
Francja Paryż
92%
Hiszpania Madryt
91%
Czechy Praga
91%
Polska Warszawa
91%
Grecja Ateny
90%
Belgia Bruksela
90%
Holandia Amsterdam
89%
Niemcy Berlin
89%
Białoruś Mińsk
89%
Dania Kopenhaga
88%
Wielka Brytania Londyn
88%
Rosja Moskwa
88%
Ukraina Kijów
87%
Włochy Rzym
87%
Watykan Watykan
87%
Norwegia Oslo
86%
Andora Andora
85%
Finlandia Helsinki
85%
Portugalia Lizbona
85%
San Marino San Marino
85%
Irlandia Dublin
83%
Chorwacja Zagrzeb
83%
Węgry Budapeszt
82%
Luksemburg Luksemburg
82%
Bułgaria Sofia
82%
Monako Monako
80%
Litwa Wilno
79%
Szwecja Sztokholm
78%
Rumunia Bukareszt
77%
Słowacja Bratysława
75%
Łotwa Ryga
75%
Estonia Tallin
75%
Turcja Ankara
72%
Szwajcaria** Berno
72%
Bośnia i Hercegowina Sarajewo
72%
Albania Tirana
71%
Liechtenstein Vaduz
60%
Serbia Belgrad
58%
Cypr* Nikozja
55%
Macedonia Północna Skopje
55%
Malta Valletta
55%
Mołdawia Kiszyniów
52%
Słowenia Lublana
52%
Czarnogóra Podgorica
51%
Kosowo Prisztina
47%
Kazachstan Nur-Sułtan
45%
Islandia Rejkiawik
39%
Nie znaleziono quizów pasujących do podanych kryteriów
Rozkład punktacji
Procent ludzi z każdym wynikiem
Percentyl według liczby udzielonych odpowiedzi
Twoja historia wyników
Nie rozwiązałeś tego quizu od ostatniego zresetowania